| 000 | 00750nam a2200193Ia 4500 | ||
|---|---|---|---|
| 999 |
_c48711 _d48711 |
||
| 003 | GCL | ||
| 005 | 20240530104549.0 | ||
| 008 | 140319s9999 xx 000 0 ara d | ||
| 040 |
_aGCL / _cGCL |
||
| 082 | 0 | 4 |
_a232.2 _bك ا |
| 100 | 1 | _aكمال الدين عبدالغنى المرسى شرابى | |
| 245 | 1 | 0 |
_aاسانيد الحديث النبوى فى ضوء نظم المعلومات المعاصرة / _cكمال الدين عبدالغنى المرسى شرابى |
| 490 |
_aالهيئة العامة للاستعلامات _v0 |
||
| 650 | 0 | 4 | _aالاحاديث النبوية |
| 650 | 0 | 4 | _aالحديث - اسناد |
| 650 | 0 | 4 | _aالحديث - الاسناد الصحيح |
| 700 | 1 | _aموسى شاهين لاشين | |
| 942 |
_2ddc _cBK |
||